| 000 | 00321nam a2200097 a 4500 | ||
|---|---|---|---|
| 005 | 20200929163511.0 | ||
| 008 | 091207s1956 000 spa d | ||
| 245 | 0 | _aConferencia especviales internacionales sobre "preservación de los recursos naturales : plataforma. | |
| 260 |
_aWashington, D. C., _c1956. |
||
| 999 |
_c13765 _d13765 |
||
| 040 | _aDO-SdBNP | ||